000 00641nam a22002055i 4500
001 162501
003 ES-MaACL
005 20230906212536.0
008 041117s1862 fr |||| | fre d
040 _aCAM
_bspa
_cCAM
100 1 _aPoujard'hieu, G.
_9131321
245 1 4 _aLes chemins de fer et le crédit en France /
_cG. Poujard'hieu.
260 _aParis :
_bHung-Treuttel,
_c1862 (
_fImprimerie de J. Claye)
300 _a410 p. ;
_c18 cm.
490 1 _aCollection Hetzel
650 4 _aFerrocarriles-
_zFrancia.
_9136103
830 0 _aCollection Hetzel
_9188385
852 _aES-MaACL
_jG-11098
_z-- Enc. hol.
999 _c162501
_d162501